Vampire diaries characters - Statistics

General Stats
  • This quiz has been taken 621 times
  • The average score is 12 of 12
Answer Stats
Hint Answer % Correct
Witch brown hair dated Jeremy Bonnie
100%
Blonde controlling vampire ends up with Stefan Caroline
100%
Dangerous sexy Salvatore brother Damon
100%
Main girl, brown hair falls in love with both Salvatore's Elena
100%
Younger brother of Elena dated bonnie Jeremy
100%
Safe ugly Salvatore brother doesn't end up with elena Stefan
100%
Elenas as aunt Jenna
98%
Elenas as evil doupleganger Katherine
97%
Honorable original brother Elijah
96%
Original sister blonde Rebekah
96%
Damon's drinking buddie takes care of kids Alaric
94%
Is in love with Caroline "bad original" Niklaus
87%
No matching quizzes found
Score Distribution
Percent of People with Each Score
Percentile by Number Answered
Your Score History
You have not taken this quiz